Southville International School and Colleges
Your cart is empty.
  • Cart
  • Lists
    Public lists Eva Luna New books Lux_list list_1
    Your lists Log in to create your own lists
  • Log in to your account
  • Your cookies
  • Search history
Southville International School and Colleges
  • Advanced search
  • Recent comments
  • Most popular
  • Libraries

Log in to your account

Log in with GOOGLE


If you do not have an external account, but do have a local account, you can still log in:

  1. Home
  2. MARC view: How people live in Canada /
Normal view MARC view ISBD view

How people live in Canada / (Record no. 9416)

[ view plain ]
MARC details
000 -LEADER
fixed length control field 00930cam a22002771 4500
001 - CONTROL NUMBER
control field 6588100
003 - CONTROL NUMBER IDENTIFIER
control field OSt
005 - DATE AND TIME OF LATEST TRANSACTION
control field 20140310182113.0
008 - FIXED-LENGTH DATA ELEMENTS--GENERAL INFORMATION
fixed length control field 750530s1965 xx 000 0 eng
010 ## - LIBRARY OF CONGRESS CONTROL NUMBER
LC control number 65019435
035 ## - SYSTEM CONTROL NUMBER
System control number (OCoLC)1362931
040 ## - CATALOGING SOURCE
Original cataloging agency DLC
Transcribing agency FO
Modifying agency OCoLC
-- DLC
050 00 - LIBRARY OF CONGRESS CALL NUMBER
Classification number F 1008.2
Item number .H299 1971
082 ## - DEWEY DECIMAL CLASSIFICATION NUMBER
Classification number HS 971
Item number H25 1971
100 1# - MAIN ENTRY--PERSONAL NAME
Personal name Harrington, Lyn.
9 (RLIN) 13536
245 10 - TITLE STATEMENT
Title How people live in Canada /
Statement of responsibility, etc Lyn Harrington, illustrated by James G. teason and Art Lutz.
260 ## - PUBLICATION, DISTRIBUTION, ETC. (IMPRINT)
Place of publication, distribution, etc Chicago :
Name of publisher, distributor, etc Benefic Press,
Date of publication, distribution, etc 1965.
300 ## - PHYSICAL DESCRIPTION
Extent 96 p. ;
Other physical details illus. (part col.) col. coat of arms. col. maps.
Dimensions 24 cm.
490 0# - SERIES STATEMENT
Series statement Supplementary social studies program. Basic concepts series
651 #0 - SUBJECT ADDED ENTRY--GEOGRAPHIC NAME
Geographic name Canada
General subdivision Juvenile literature
9 (RLIN) 13537
700 1# - ADDED ENTRY--PERSONAL NAME
Personal name Teason, James G.,
Relator term illus.
9 (RLIN) 13538
700 1# - ADDED ENTRY--PERSONAL NAME
Personal name Lutz, Art,
Relator term illus.
9 (RLIN) 13539
906 ## - LOCAL DATA ELEMENT F, LDF (RLIN)
a 7
b cbc
c oclcrpl
d u
e ncip
f 19
g y-gencatlg
942 ## - ADDED ENTRY ELEMENTS (KOHA)
Source of classification or shelving scheme Library of Congress Classification
Holdings
Withdrawn status Lost status Source of classification or shelving scheme Damaged status Home library Current library Shelving location Date acquired Total Checkouts Full call number Barcode Date last seen Copy number Price effective from Koha item type
    Library of Congress Classification   Luxembourg Library Luxembourg Library High School Section 08/24/2013   F 1008.2 .H299 1971 0767 08/24/2013 1 08/24/2013 Books

How people live in Canada /

APA

Harrington L., Teason J. G. & Lutz A. (1965). How people live in Canada. Chicago: Benefic Press.

Chicago

Harrington Lyn, Teason James G and Lutz Art. 1965. How people live in Canada. Chicago: Benefic Press.

Harvard

Harrington L., Teason J. G. and Lutz A. (1965). How people live in Canada. Chicago: Benefic Press.

MLA

Harrington Lyn, Teason James G and Lutz Art. How people live in Canada. Chicago: Benefic Press. 1965.

  • Place hold
  • Print
  • Cite
  • Add to your cart (remove)
  • Save record
    BIBTEX Dublin Core MARCXML MARC (non-Unicode/MARC-8) MARC (Unicode/UTF-8) MARC (Unicode/UTF-8, Standard) MODS (XML) RIS
  • More searches
    Search for this title in:
    Other Libraries (WorldCat) Other Databases (Google Scholar) Online Stores (Bookfinder.com) Open Library (openlibrary.org)

Exporting to Dublin Core...

SOUTHVILLE LIBRARY

Southville International School and Colleges Library

1281 Tropical Ave. Cor. Luxembourg St., BF Homes International, Las Pinas City

Tel. No. 8256374 / 252358 Loc. 117/146

Powered by Koha